000 00647nam a22002057a 4500
003 OSt
005 20250718085830.0
008 250718b |||||||| |||| 00| 0 eng d
020 _a9780071015042
040 _aDWCL-Main lib
_cOC
082 _aCirc. 696.1 B311 2012
100 _aRob Kavanagh
245 _a Basic skills :
_bplumbing services series/
_cRob Kavanagh
250 _a3rd edition.
260 _a Australia :
_bMcGraw-Hill Education (Asia),
_cc2012.
300 _axii, 196 pages :
_billustrations ;
_c26 cm.
650 _a1. Plumbing--Textbooks.
700 _a[and three others]
942 _2ddc
_cBK-CIRC
_e 3rd edition.
_kCirc.
_n0
999 _c3779
_d3779